000 00727nam a2200181Ia 4500
008 100920s9999 xx 000 0 und d
082 _b3755
_a891.43 0
100 _aश्री विनोद.
245 _aराष्ट्रपती राजेन्द्रप्रसाद.
260 _bराजपाल एण्ड सन्स ,कश्मीरी गेट, दिल्ली.
_c0
300 _a46
_bसाधी
365 _b0.5
520 _aहिंदी.
630 _aराष्ट्रपती राजेन्द्रप्रसाद.
650 _aहिंदी.
730 _aराष्ट्रपती राजेन्द्रप्रसाद.
942 _cBOOK
999 _c673669
_d673666